Aawargi aur Mazeed awargi (Record no. 1230374)

MARC details
000 -LEADER
fixed length control field 00554nam a2200205Ia 4500
005 - DATE AND TIME OF LATEST TRANSACTION
control field 20241129111421.0
008 - FIXED-LENGTH DATA ELEMENTS--GENERAL INFORMATION
fixed length control field 241129s9999||||xx |||||||||||||| ||und||
037 ## - SOURCE OF ACQUISITION
Stock number TB
040 ## - CATALOGING SOURCE
Original cataloging agency CRL
Language of cataloging eng
Transcribing agency CRL
041 ## - LANGUAGE CODE
Language code of text/sound track or separate title urd
Source of code urd
084 ## - COLON CLASSIFICATION NUMBER
Classification number U8 168R1
Assigning agency CRL
100 ## - MAIN ENTRY--PERSONAL NAME
Personal name Jawaid Danish Au.
9 (RLIN) 724361
245 #0 - TITLE STATEMENT
Title Aawargi aur Mazeed awargi
Statement of responsibility, etc. Jawaid Danish Au.
260 ## - PUBLICATION, DISTRIBUTION, ETC.
Place of publication, distribution, etc. Lucknow, India
Name of publisher, distributor, etc. Matterlink
Date of publication, distribution, etc. 2021
300 ## - PHYSICAL DESCRIPTION
Extent 431p.
365 ## - TRADE PRICE
Price type code INR
Price amount 650
650 ## - SUBJECT ADDED ENTRY--TOPICAL TERM
Topical term or geographic name entry element GeographyTravel
9 (RLIN) 726204
942 ## - ADDED ENTRY ELEMENTS (KOHA)
Koha item type Textbook
Classification part U8 168R1
Holdings
Withdrawn status Lost status Damaged status Not for loan Home library Current library Date acquired Source of acquisition Cost, normal purchase price Inventory number Total Checkouts Full call number Barcode Date last seen Price effective from Koha item type
        Central Library Central Library 2024-11-29 Zafaa Books & Distributors 650.00 3102 & 08/02/2024   U8 168R1 CL1681177 2024-11-29 2024-11-29 Textbook
Copyright @ Delhi University Library System